000 01018nam a2200241Ia 4500
003 GCL
008 140319s9999 xx 000 0 ara d
040 _aGCL /
_cGCL
082 0 4 _aط
_b813.087
_bد م
100 1 _aمجدى صابر
245 1 0 _aمغامرات فى الفضاء : بعثة الى اورانيا - ثوار كوكب لوكور - نداء من كوكب ميت - حرب الكواكب - الالات المفترسة -عمالقة اطلنطس - قراصنة الفضاء - كوكب التاتاريس - كوكب المتوحشين - اختطاف فوق القمر /
_cمجدى صابر
700 1 _aصلاح طنطاوى
700 1 _aفتحى امين
260 _aالقاهرة :
_bدار المعارف ،
_c1991
300 _a96 ص ؛
_c20 سم
490 _aمغامرات فى الفضاء
_v0
650 0 4 _aالاطفال
650 0 4 _aالقصص
650 0 4 _aقصص الاطفال
650 0 4 _aالقصص الخرافية
650 0 4 _aالمغامرات
942 _2ddc
_cBK
999 _c57282
_d57282